The girl who drank the moon / (Record no. 12069)
[ view plain ]
| 000 -LEADER | |
|---|---|
| fixed length control field | 00528cam a2200157 i 4500 |
| 008 - FIXED-LENGTH DATA ELEMENTS--GENERAL INFORMATION | |
| fixed length control field | 170510t20172016meu cd 000 1 eng |
| 010 ## - LIBRARY OF CONGRESS CONTROL NUMBER | |
| LC control number | 2017010359 |
| 020 ## - INTERNATIONAL STANDARD BOOK NUMBER | |
| International Standard Book Number | 9781432840938 (large print : hardcover) |
| 020 ## - INTERNATIONAL STANDARD BOOK NUMBER | |
| International Standard Book Number | 1432840932 (large print : hardcover) |
| 050 10 - LIBRARY OF CONGRESS CALL NUMBER | |
| Classification number | PZ7.B26663 |
| Item number | Gi 2017 |
| 082 00 - | |
| Classification number | [Fic] |
| Edition number | 23 |
| 100 1# - MAIN ENTRY--PERSONAL NAME | |
| Personal name | Barnhill, Kelly Regan, |
| Relator term | author. |
| 9 (RLIN) | 7580 |
| 245 14 - TITLE STATEMENT | |
| Title | The girl who drank the moon / |
| Statement of responsibility, etc. | Kelly Barnhill. |
| 250 ## - EDITION STATEMENT | |
| Edition statement | Large print edition. |
| 500 ## - GENERAL NOTE | |
| General note | "Award-winning author of The Witch's Boy"--Cover. |
| Withdrawn status | Lost status | Source of classification or shelving scheme | Damaged status | Koha normalized classification for sorting | Not for loan | Home library | Current library | Shelving location | Date acquired | Total Checkouts | Total Renewals | Full call number | Barcode | Date last seen | Date last checked out | Price effective from | Koha item type |
|---|---|---|---|---|---|---|---|---|---|---|---|---|---|---|---|---|---|
| Dewey Decimal Classification | BAR_813_600000000000000 | Good Samaritan School Library | Good Samaritan School Library | FICTION | 10/11/2022 | 27 | 5 | BAR813.6 | BAR17297 | 10/14/2025 | 10/09/2025 | 10/11/2022 | BOOK |